La vocación en la biblia: de la vocación bautismal a la vocación presbiteral
Uloženo v:
| Hlavní autor: | |
|---|---|
| Médium: | Kniha |
| Jazyk: | španělština |
| Vydáno: |
Salamanca
Ediciones Sígueme
2013
|
| Vydání: | 2a. ed |
| Edice: | Nueva Alianza Minor, 5
|
| Témata: | |
| Tagy: |
Přidat tag
Žádné tagy, Buďte první, kdo vytvoří štítek k tomuto záznamu!
|
MARC
| LEADER | 00000cam a2200000 a 4500 | ||
|---|---|---|---|
| 001 | UCC0219 | ||
| 003 | CL-VaPUC | ||
| 008 | 170721e20130000sp |||||||||||||||||spa|d | ||
| 020 | |a 9788430118359 | ||
| 082 | 0 | 4 | |a 248.89422 |b MAR |2 21 |
| 100 | |a Martini, Carlo María |e autor |9 600928 | ||
| 245 | 1 | 3 | |a La vocación en la biblia: de la vocación bautismal a la vocación presbiteral |
| 250 | |a 2a. ed | ||
| 300 | |a 157 p | ||
| 942 | |c BK | ||
| 945 | |d 20170721 23:48:00 |a arojas | ||
| 260 | |a Salamanca |b Ediciones Sígueme |c 2013 | ||
| 650 | 0 | |a Vocación religiosa |9 392452 | |
| 650 | 0 | |a Vocación cristiana |9 399210 | |
| 650 | 0 | |a Vida cristiana |9 258753 | |
| 583 | |a last modification |c 20170721 23:48:00 |k Rodrigo Vera | ||
| 490 | 0 | |a Nueva Alianza Minor, 5 | |
| 999 | |c 369115 |d 369113 | ||
| 952 | |0 0 |1 0 |3 erb |4 0 |6 248_894220000000000_MAR_2013 |7 0 |8 A |9 484672 |a BIBTEO |b BIBTEO |i 5410266 |o 248.89422 MAR 2013 |p 5410266 |r 2025-01-17 |w 2019-11-24 |y BK |z Catalogado en:20170721 |k ICR | ||